Máscaras tradicionales de México / (Registro nro. 27981)
[ vista simple ]
| 000 -LEADER | |
|---|---|
| fixed length control field | 01319cam a2200337 i 4500 |
| 001 - CONTROL NUMBER | |
| control field | 27981 |
| 003 - CONTROL NUMBER IDENTIFIER | |
| control field | Mx-PuUPA |
| 005 - DATE AND TIME OF LATEST TRANSACTION | |
| control field | 20250620143836.0 |
| 008 - FIXED-LENGTH DATA ELEMENTS--GENERAL INFORMATION | |
| fixed length control field | 140415s1991 mx ao gr 001 0 spa d |
| 040 ## - CATALOGING SOURCE | |
| Transcribing agency | Mx-PuUPA |
| Original cataloging agency | Mx-PuUPA |
| Language of cataloging | spa |
| Modifying agency | Mx-PuUPA |
| Description conventions | rda |
| 041 0# - LANGUAGE CODE | |
| Language code of text/sound track or separate title | spa |
| 043 ## - GEOGRAPHIC AREA CODE | |
| Geographic area code | n-mx--- |
| 100 1# - MAIN ENTRY--PERSONAL NAME | |
| Personal name | Lechuga, Ruth D., |
| 9 (RLIN) | 17224 |
| Relator term | autor |
| -- | fotógrafo |
| 245 10 - TITLE STATEMENT | |
| Title | Máscaras tradicionales de México / |
| Statement of responsibility, etc. | Ruth Deutsch Lechuga, texto y fotografía ; Enrique Franco Torrijos, fotografía |
| 250 ## - EDITION STATEMENT | |
| Edition statement | Primera edición |
| 264 #1 - PRODUCTION, PUBLICATION, DISTRIBUTION, MANUFACTURE, AND COPYRIGHT NOTICE | |
| Place of production, publication, distribution, manufacture | México D.F. : |
| Name of producer, publisher, distributor, manufacturer | Banco Nacional de Obras y Servicios Públicos, |
| Date of production, publication, distribution, manufacture, or copyright notice | [1991?] |
| 300 ## - PHYSICAL DESCRIPTION | |
| Extent | 157 páginas : |
| Other physical details | ilustraciones, fotografías, |
| Dimensions | 33 cm |
| 336 ## - CONTENT TYPE | |
| Fuente | rdacontent |
| Content type term | texto |
| Content type code | txt |
| 337 ## - MEDIA TYPE | |
| Source | rdamedia |
| Media type term | sin medio |
| Media type code | n |
| 338 ## - CARRIER TYPE | |
| Source | rdacarrier |
| Carrier type term | volumen |
| Carrier type code | nc |
| 650 #7 - SUBJECT ADDED ENTRY--TOPICAL TERM | |
| Source of heading or term | armarc |
| Topical term or geographic name entry element | Máscaras |
| Geographic subdivision | México |
| 650 #7 - SUBJECT ADDED ENTRY--TOPICAL TERM | |
| Source of heading or term | armarc |
| Topical term or geographic name entry element | Máscaras indígenas |
| Geographic subdivision | México |
| 650 #7 - SUBJECT ADDED ENTRY--TOPICAL TERM | |
| Source of heading or term | armarc |
| Topical term or geographic name entry element | Indígenas |
| Geographic subdivision | México |
| General subdivision | Máscaras |
| 650 #7 - SUBJECT ADDED ENTRY--TOPICAL TERM | |
| Source of heading or term | armarc |
| Topical term or geographic name entry element | Indígenas |
| Geographic subdivision | México |
| General subdivision | Ritos y ceremonias |
| 651 #4 - SUBJECT ADDED ENTRY--GEOGRAPHIC NAME | |
| Geographic name | México |
| General subdivision | Antigüedades |
| 700 1# - ADDED ENTRY--PERSONAL NAME | |
| Personal name | Franco Torrijos, Enrique |
| Relator term | fotógrafo |
| 942 ## - ADDED ENTRY ELEMENTS (KOHA) | |
| Source of classification or shelving scheme | Dewey Decimal Classification |
| Koha item type | Libro |
| Classification part | D45 |
| Withdrawn status | Lost status | Source of classification or shelving scheme | Damaged status | Not for loan | Collection code | Home library | Current library | Shelving location | Date acquired | Source of acquisition | Cost, normal purchase price | Total Checkouts | Full call number | Barcode | Date last seen | Cost, replacement price | Price effective from | Koha item type |
|---|---|---|---|---|---|---|---|---|---|---|---|---|---|---|---|---|---|---|
| Dewey Decimal Classification | Referencia | Biblioteca Karol Wojtyla | Biblioteca Karol Wojtyla | Área de silencio | 29/07/2022 | Donación | 0.00 | 391.4340972 L45 1991 | 46589 | 05/01/2026 | 0.00 | 03/12/2013 | Folio |